Состав волокон, размер волокон и энзиматическая активность в боковой широкой мышце бедра у спортсменов высшей квалификации, выполняющих физические упражнения высокой интенсивности | Концентрация лактата в крови у пловцов после соревнований (Запись № 6159017)

Подробности
000 -МАРКЕР
контрольное поле 01426nam0a22002651 4500
001 - ИДЕНТИФИКАТОР ЗАПИСИ
контрольное поле rc\2156308
005 - ИДЕНТИФИКАТОР ВЕРСИИ
контрольное поле 20250623003504.0
035 ## - ДРУГИЕ СИСТЕМНЫЕ НОМЕРА
Идентификатор записи (NLR Aleph) 006493679
100 ## - ДАННЫЕ ОБЩЕЙ ОБРАБОТКИ
Данные общей обработки 20110829d1979 |||y0rusy50 ca
101 1# - ЯЗЫК РЕСУРСА
Язык текста, звукозаписи и т.д. русский
Язык оригинала английский
102 ## - СТРАНА ПУБЛИКАЦИИ ИЛИ ПРОИЗВОДСТВА
Страна публикации российская федерация
105 ## - ПОЛЕ КОДИРОВАННЫХ ДАННЫХ: ТЕКСТОВЫЕ МАТЕРИАЛЫ, МОНОГРАФИЧЕСКИЕ
Кодированные данные о монографическом текстовом документе y z |||||
200 1# - ЗАГЛАВИЕ И СВЕДЕНИЯ ОБ ОТВЕТСТВЕННОСТИ
Основное заглавие Состав волокон, размер волокон и энзиматическая активность в боковой широкой мышце бедра у спортсменов высшей квалификации, выполняющих физические упражнения высокой интенсивности
Первые сведения об ответственности Green H.J., Thomson J.A., Daub W.D. и др.
Основное заглавие Концентрация лактата в крови у пловцов после соревнований
Первые сведения об ответственности Sawka M.N., Knowlton R.G., Miles D.S. and J.B. Critz
210 ## - ПУБЛИКАЦИЯ, РАСПРОСТРАНЕНИЕ И ДР.
Место издания, распространения и т.д. Москва
Имя издателя, распространителя и т. д. Б. и.
Дата издания, распространения и т.д. 1979
215 ## - ФИЗИЧЕСКАЯ ХАРАКТЕРИСТИКА
Специфическое обозначение материала и объем 28 с.
Размеры 20
225 1# - СЕРИЯ
Основное заглавие серии Зарубежные научные исследования по физической культуре и спорту
Сведения, относящиеся к заглавию Бюл.
Сведения об ответственности Отд. зарубеж. спорта ВНИИФК
Обозначение тома № 8
300 ## - ОБЩИЕ ПРИМЕЧАНИЯ
Текст примечания Пер. из "Eur. j. appl. physiol., 1970, v. 41". No. 2
320 ## - ПРИМЕЧАНИЯ О НАЛИЧИИ В ДОКУМЕНТЕ БИБЛИОГРАФИИ / УКАЗАТЕЛЯ
Текст примечания Библиогр. в конце статей
333 ## - ПРИМЕЧАНИЯ ОБ ОСОБЕННОСТЯХ РАСПРОСТРАНЕНИЯ И ИСПОЛЬЗОВАНИЯ
Текст примечания ДСП. Экз. № 000007
801 #0 - ИСТОЧНИК ЗАПИСИ
Страна российская федерация
Организация NLR
Правила каталогизации psbo
801 #1 - ИСТОЧНИК ЗАПИСИ
Страна российская федерация
Организация ELAR
Источник данных rusmarc
852 ## - МЕСТОНАХОЖДЕНИЕ И ШИФР ХРАНЕНИЯ
Идентификатор организации NLR
Шифр хранения (Call Number) П42/19
942 ## - ДОПОЛНИТЕЛЬНЫЕ ЭЛЕМЕНТЫ ЗАПИСИ (АБИС)
Тип экземпляра АБИС Книга
980 ## - КОЛЛЕКЦИЯ
Название коллекции Национальная библиография
Экземпляры
Тип экземпляра Дата поступления Библиотека постоянного хранения Библиотека текущего хранения Место хранения Шифр хранения Штрих-код Статус не для выдачи
Книга 26.10.2013 РНБ (Московский) РНБ (Московский) Русский журнальный фонд П42/19 6493679-10